Central Library OPAC University of Rajshahi

The English and empire digest : (Record no. 46502)

MARC details
000 -LEADER
fixed length control field 00684nam a2200217 a 4500
001 - CONTROL NUMBER
control field 46502
003 - CONTROL NUMBER IDENTIFIER
rucl marc code BD-RjUL
005 - DATE AND TIME OF LATEST TRANSACTION
control field 20211209054148.0
008 - FIXED-LENGTH DATA ELEMENTS--GENERAL INFORMATION
fixed length control field 160802s1919 enk 000 0 eng d
035 ## - SYSTEM CONTROL NUMBER
System control number (BD-RjUL) 46621
040 ## - CATALOGING SOURCE
Original cataloging agency NDL
Transcribing agency NDL
Modifying agency BD-RjUL
Language of cataloging eng
041 ## - LANGUAGE CODE
Language code of text/sound track or separate title eng
082 ## - DEWEY DECIMAL CLASSIFICATION NUMBER
Classification number 348.42
Edition number 23
Author mark and year ENG 1919
245 04 - TITLE STATEMENT
Title The English and empire digest :
Remainder of title with complete and exhaustive annotations /
260 ## - PUBLICATION, DISTRIBUTION, ETC. (IMPRINT)
Place of publication, distribution, etc. London :
Name of publisher, distributor, etc. Butterworth,
Date of publication, distribution, etc. 1919
300 ## - PHYSICAL DESCRIPTION
Pagination Various pg. ;
Size 26 cm
505 ## - FORMATTED CONTENTS NOTE
Formatted contents note V.i, Introduction action admiralty.--
650 #0 - SUBJECT ADDED ENTRY--TOPICAL TERM
Topical term or geographic name as entry element Law reports
Geographic subdivision Great Britain.
9 (RLIN) 25101
Topical term or geographic name as entry element Law reports, digests, etc.
Geographic subdivision Commonwealth of Nations.
9 (RLIN) 25102
942 ## - ADDED ENTRY ELEMENTS (KOHA)
Source of classification or shelving scheme Dewey Decimal Classification
Koha item type Books
Holdings
Lost status Source of classification or shelving scheme Damaged status Not for loan Collection code Permanent Location Current Location Shelving location Date acquired Source of acquisition Cost, normal purchase price Total Checkouts Full call number Date last seen Copy number Koha item type
  Dewey Decimal Classification     Non-fiction Central Library, University of Rajshahi Central Library, University of Rajshahi   12/12/1955 allies 1613.00   348.42 ENG V-1 1919 02/08/2016 C-2 Books